Pracovnoprávna judikatúra

Salvato in:
Dettagli Bibliografici
Autore principale: Beneš, Jiří
Natura: Libro
Lingua:slovacco
Pubblicazione: Bratislava Práca 1988
Edizione:1. vyd.
Serie:Knižnica mzdových a pracovnoprávnych príručiek Zv.3/88
Tags: Aggiungi Tag
Nessun Tag, puoi essere il primo ad aggiungerne!!

MARC

LEADER 00000nam a2200000 4500
001 c035058
005 20221219092035.7
041 0 |a slo 
044 |a SK 
245 1 0 |a Pracovnoprávna judikatúra  |c Jiří Beneš 
250 |a 1. vyd. 
264 1 |a Bratislava  |b Práca  |c 1988 
300 |a 170 s. 
490 1 |a Knižnica mzdových a pracovnoprávnych príručiek  |v Zv.3/88 
830 0 |a Knižnica mzdových a pracovnoprávnych príručiek  |v Zv.3/88 
100 1 |a Beneš, Jiří